000 00556nam a2200217Ia 4500
003 0100
008 130303s9999 xx 000 0 und d
040 _cARRUPELIB
050 _aBT821.2.M6313 1967
100 _aMoltmann, Jurgen
245 _aTheology of Hope
245 _bOn the ground and the implications of a christain eschatology
260 _aNew York
260 _bHarper and Row, Publishers
260 _C1967
300 _a342p.
300 _b 21cm.
650 _bPhilosophy - history
650 _cPhilosophy, Indic
942 0 0 _01
999 _c37723
_d37723